00610nam a2200205 a 45000010005000000030008000050050017000130080041000300200018000710350018000890400035001070410008001420820030001501000021001802450040002012600041002413000032002825040050003146510040003641471BD-RjUL20211208233338.0150319s2015 bg a b 001 0 eng d a9789849076476 a(BD-RjUL)1494 aBD-RjULcBD-RjULdBD-RjULbeng aeng00a320.8095492bRIH 20152211 aRiaz, Alid1921-14aHow did we arrive here? /cAli Riaz aDhaka :bProthoma Prokashan, c2015. axi, 171 p. ;bill ;c22 cm. aIncludes bibliographical reference and index. aBangladeshxPolitics and government